header

Principles of human anatomy (Record no. 253544)

MARC details
000 -LEADER
fixed length control field 00482nam a22001817a 4500
003 - CONTROL NUMBER IDENTIFIER
control field OSt
005 - DATE AND TIME OF LATEST TRANSACTION
control field 20160511153634.0
008 - FIXED-LENGTH DATA ELEMENTS--GENERAL INFORMATION
fixed length control field 160511b xxu||||| |||| 00| 0 eng d
010 ## - LIBRARY OF CONGRESS CONTROL NUMBER
LC control number 987560
020 ## - INTERNATIONAL STANDARD BOOK NUMBER
International Standard Book Number 0321000374
040 ## - CATALOGING SOURCE
Transcribing agency n/a
050 ## - LIBRARY OF CONGRESS CALL NUMBER
Classification number QM23.2
Item number .T87 1998
100 ## - MAIN ENTRY--PERSONAL NAME
Personal name Tortora,Gerard J
245 ## - TITLE STATEMENT
Title Principles of human anatomy
260 ## - PUBLICATION, DISTRIBUTION, ETC. (IMPRINT)
Place of publication, distribution, etc Menlo Park, Calif.
Name of publisher, distributor, etc Benjamin Cummings Pub.
Date of publication, distribution, etc c1999.
300 ## - PHYSICAL DESCRIPTION
Extent xxviii, 916 p.
Other physical details col. ill.
Dimensions 29 cm.
942 ## - ADDED ENTRY ELEMENTS (KOHA)
Source of classification or shelving scheme Library of Congress Classification
Koha item type Long Loan Books
Holdings
Withdrawn status Lost status Source of classification or shelving scheme Damaged status Not for loan Collection code Home library Current library Shelving location Date acquired Total Checkouts Full call number Barcode Date last seen Date checked out Price effective from Koha item type
    Library of Congress Classification     Non-fiction Rongo University Library Rongo University Library General Stacks 11/05/2016 7 QM23.2 .T87 1998 201612085 11/10/2022 14/01/2021 11/05/2016 Long Loan Books

© 2026 Rongo University
Contact us: librarian | system librarian | Rongo university